| 000 | 01073nam a2200205 u 4500 | ||
|---|---|---|---|
| 001 | 000484397 | ||
| 003 | AM-YeHGA | ||
| 005 | 20250617134216.0 | ||
| 008 | 060413s1977 ||||||||||||||||||||rus d | ||
| 040 | _aAM-YeHGA | ||
| 041 | 0 | _arus | |
| 245 | 0 | 0 |
_aТеоретические и прикладные исследования по психологии / _cКазанский гос. ун-т им. В.И. Ульянова-Ленина. Казанское отд. о-ва психологов СССР ; Науч. ред. Н.М. Пейсахов ; Редкол.: Р.В. Габдреев и др. |
| 260 |
_aКазань : _bИзд-во Казан. ун-та, _c1977. |
||
| 300 | _a180 с. | ||
| 650 | 1 | 4 | _aПсихология |
| 700 | 1 |
_aПейсахов, Н.М. _eред. _4edt |
|
| 700 | 1 |
_aГабдреев, Р.В. _eред. _4edt |
|
| 710 | 2 |
_aКазанский государственный университет им. В.И. Ульянова-Ленина. _bКазанское отделение общества психологов СССР |
|
| 090 | _c179587 | ||
| 999 |
_c178140 _d178140 |
||